[Event "SRB-chT2 East"]
[Site "Serbia"]
[Date "2017.10.07"]
[Round "9.5"]
[White "Djordjevic, Dejan N"]
[Black "Krstic, Ranko"]
[Result "1/2-1/2"]
[WhiteElo "2190"]
[BlackElo "2179"]
[PlyCount "106"]
[EventDate "2017.09.08"]
[EventType "team-tourn"]
[EventRounds "11"]
[EventCountry "SRB"]
[SourceTitle "EXT 2022"]
[Source "ChessBase"]
[SourceDate "2021.10.06"]
[SourceVersion "1"]
[SourceVersionDate "2021.10.06"]
[SourceQuality "1"]

1. e4 c5 2. Nc3 Nc6 3. g3 g6 4. Bg2 Bg7 5. Nge2 e6 6. d3 Nge7 7. Be3 Nd4 8. Qd2 Nec6 9. 0-0 d6 10. f4 0-0 11. Nd1 Rb8 12. c3 Nxe2+ 13. Qxe2 b6 14. Bf2 Re8 15. Ne3 Ne7 16. Nc2 Ba6 17. Rfd1 Qc7 18. Qd2 Rbd8 19. d4 Bb7 20. Qe2 Qc8 21. Rd2 Qa8 22. Ne1 a5 23. Rad1 Qc8 24. dxc5 Ba6 25. c4 dxc5 26. b3 Bb7 27. e5 Bxg2 28. Kxg2 Nc6 29. Nf3 h6 30. Qe4 Rxd2 31. Rxd2 Rd8 32. Rxd8+ Nxd8 33. g4 Qc6 34. Qd3 Nb7 35. Kh3 Bf8 36. Bh4 Qc7 37. Nd2 g5 38. Ne4 Be7 39. Bg3 Qd8 40. Qf3 Qd4 41. fxg5 hxg5 42. Nxg5 Bxg5 43. Qxb7 Qd3 44. Kg2 Qe2+ 45. Kh3 Qf1+ 46. Qg2 Qd3 47. Qf2 Qh7+ 48. Kg2 Qe4+ 49. Qf3 Qc2+ 50. Qf2 Qe4+ 51. Kh3 Qh7+ 52. Kg2 Qe4+ 53. Qf3 Qc2+ 1/2-1/2

[Event "SRB-chT Central"]
[Site "Kragujevac"]
[Date "2013.09.16"]
[Round "4.1"]
[White "Krstic, Ranko"]
[Black "Colovic, Dusan"]
[Result "1-0"]
[WhiteElo "2203"]
[BlackElo "2387"]
[PlyCount "107"]
[EventDate "2013.09.14"]
[EventType "team-tourn"]
[EventRounds "11"]
[EventCountry "SRB"]
[SourceTitle "CBM 156 Extra"]
[Source "ChessBase"]
[SourceDate "2013.10.22"]
[SourceVersion "1"]
[SourceVersionDate "2013.10.22"]
[SourceQuality "1"]
[WhiteTeam "Leskovac Glubocica"]
[BlackTeam "Goracici Jelica"]
[WhiteTeamCountry "SRB"]
[BlackTeamCountry "SRB"]

1. d4 d6 2. c4 e5 3. Nf3 e4 4. Ng5 f5 5. Nh3 Nf6 6. e3 Be7 7. Nc3 0-0 8. Be2 c6 9. 0-0 Na6 10. a3 Nc7 11. b4 d5 12. b5 cxb5 13. cxb5 Ne6 14. Qb3 Kh8 15. f3 Bd6 16. f4 Bb8 17. a4 h6 18. Bd2 g5 19. g3 Rg8 20. Kh1 Nf8 21. Rac1 Be6 22. a5 gxf4 23. Nxf4 Bxf4 24. exf4 h5 25. Na4 Rg7 26. Nc5 Bg8 27. a6 bxa6 28. bxa6 Rb8 29. Nb7 Qe8 30. Bb4 h4 31. Bd6 Rc8 32. Be5 Rxc1 33. Rxc1 N8d7 34. Nd6 Qg6 35. Qe3 hxg3 36. hxg3 Rh7+ 37. Kg2 Qh6 38. Rg1 Nxe5 39. dxe5 Qh3+ 40. Kf2 Ng4+ 41. Bxg4 Qxg4 42. Nb5 Rh6 43. Nd4 Rxa6 44. Rh1+ Kg7 45. Qb3 Rb6 46. Qc3 e3+ 47. Kg2 e2 48. e6 Kg6 49. Nf3 Rxe6 50. Ne5+ Rxe5 51. Qxe5 d4 52. Qxd4 Be6 53. Kf2 a5 54. Qe5 1-0

[Event "SRB-chT2 East CS"]
[Site "Serbia"]
[Date "2011.10.14"]
[Round "8.33"]
[White "Mijovic, Cedomir"]
[Black "Krstic, Ranko"]
[Result "1-0"]
[WhiteElo "1961"]
[BlackElo "2231"]
[PlyCount "133"]
[EventDate "2011.09.11"]
[EventType "team"]
[EventRounds "11"]
[EventCountry "SRB"]
[SourceTitle "EXT 2015"]
[Source "ChessBase"]
[SourceDate "2014.11.20"]
[SourceVersion "1"]
[SourceVersionDate "2014.11.20"]
[SourceQuality "1"]

1. d4 Nf6 2. c4 c5 3. e3 cxd4 4. exd4 d5 5. Nf3 Nc6 6. Nc3 e6 7. Bd3 Be7 8. 0-0 a6 9. c5 0-0 10. Na4 Nd7 11. Re1 Bf6 12. Bf4 Re8 13. Ne5 Ncxe5 14. dxe5 Bg5 15. Bg3 Nf8 16. Nb6 Rb8 17. b4 Nd7 18. Nxd7 Bxd7 19. f4 Be7 20. Rc1 Rc8 21. Bf2 g6 22. Bd4 Bf8 23. Qe2 Bc6 24. Ra1 Qd7 25. a3 Ba4 26. h4 Red8 27. h5 Bb5 28. hxg6 fxg6 29. g3 Bxd3 30. Qxd3 Qf7 31. Kg2 Qf5 32. Qxf5 gxf5 33. Kf3 Rd7 34. Rg1 Rg7 35. Rac1 Kf7 36. Rc3 Be7 37. Rh1 Rcg8 38. Rh3 h5 39. c6 bxc6 40. Rxc6 h4 41. gxh4 a5 42. bxa5 Bxa3 43. h5 Rb8 44. Bb6 Ra8 45. h6 Rh7 46. Rg3 Rxh6 47. Rc7+ Kf8 48. Rgg7 Bb4 49. Ke2 Rh8 50. Rgf7+ Kg8 51. Ra7 Rh2+ 52. Kf3 Rh3+ 53. Kg2 Ra3 54. Rg7+ Kh8 55. Rxa8+ Kxg7 56. a6 Bd2 57. a7 Bxf4 58. Bd4 Kh7 59. Re8 Bxe5 60. Re7+ Kg6 61. Bxe5 f4 62. Bd4 Kf5 63. Bc5 Ra5 64. Re8 Rxc5 65. a8Q e5 66. Qb8 d4 67. Qb1+ 1-0

[Event "SRB-chT3 South"]
[Site "Nis"]
[Date "2008.10.24"]
[Round "8"]
[White "Krstic, Ranko"]
[Black "Zivkovic, Rajko"]
[Result "1-0"]
[WhiteElo "2154"]
[BlackElo "2246"]
[PlyCount "89"]
[EventDate "2008.09.14"]
[EventType "team"]
[EventRounds "11"]
[EventCountry "SRB"]
[SourceTitle "EXT 2012"]
[Source "ChessBase"]
[SourceDate "2011.11.24"]
[SourceVersion "1"]
[SourceVersionDate "2011.11.24"]
[SourceQuality "1"]

1. d4 Nf6 2. c4 g6 3. f3 d5 4. cxd5 Nxd5 5. e4 Nf6 6. Nc3 Bg7 7. Bc4 c6 8. Nge2 0-0 9. 0-0 b5 10. Bb3 a5 11. a3 e6 12. Bg5 Qb6 13. Kh1 Ba6 14. e5 Nd5 15. Bxd5 cxd5 16. Be7 Rc8 17. b4 Bf8 18. Bc5 Qd8 19. f4 Nc6 20. Qb3 Be7 21. Rad1 Rcb8 22. Rd3 Bc8 23. g4 axb4 24. axb4 Bxc5 25. dxc5 Qh4 26. Rg3 Ra7 27. Ng1 Rba8 28. Nf3 Qh6 29. Ng5 Ra3 30. Qb2 Qf8 31. Nxd5 Rxg3 32. Nf6+ Kg7 33. hxg3 h6 34. Nge4 Ra4 35. Nd6 Nxb4 36. Qh2 Nd5 37. g5 h5 38. g4 Nxf6 39. gxf6+ Kg8 40. gxh5 Bd7 41. hxg6 Bc6+ 42. Kg1 fxg6 43. Qh4 Ra2 44. Re1 Rg2+ 45. Kf1 1-0

[Event "SRB-chT3 South"]
[Site "Serbia"]
[Date "2007.10.14"]
[Round "6"]
[White "Krstic, Ranko"]
[Black "Denovic, Branislav"]
[Result "0-1"]
[WhiteElo "2174"]
[BlackElo "2116"]
[PlyCount "110"]
[EventDate "2007.09.02"]
[EventType "team"]
[EventRounds "11"]
[EventCountry "SRB"]
[SourceTitle "EXT 2012"]
[Source "ChessBase"]
[SourceDate "2011.11.24"]
[SourceVersion "1"]
[SourceVersionDate "2011.11.24"]
[SourceQuality "1"]
[WhiteTeam "Leskovac Aljehin"]
[BlackTeam "Jastrebac Nis"]
[WhiteTeamCountry "SRB"]
[BlackTeamCountry "SRB"]

1. c4 c5 2. Nc3 Nf6 3. g3 d5 4. cxd5 Nxd5 5. Nxd5 Qxd5 6. Nf3 e5 7. d3 Nc6 8. Bg2 Be7 9. 0-0 0-0 10. Be3 Qd6 11. Rc1 Nd4 12. Ng5 Qb6 13. b3 Bg4 14. Re1 h6 15. Ne4 f5 16. Nc3 Bd6 17. Na4 Qb5 18. Nc3 Qd7 19. Qd2 Rad8 20. Nd5 Qf7 21. Nc3 f4 22. Bxd4 cxd4 23. Bd5 Be6 24. Bxe6 Qxe6 25. Ne4 Ba3 26. Rc2 fxg3 27. fxg3 Qb6 28. Rc4 a5 29. Qc2 Bb4 30. Rf1 Rxf1+ 31. Kxf1 Rf8+ 32. Kg2 Qe6 33. Qd1 Rf7 34. Rc1 Ba3 35. Rb1 Qc6 36. Qd2 b6 37. Rf1 Rc7 38. Qe1 Qe6 39. Qd2 Qc6 40. Qe1 Qc2 41. Qf2 Qxa2 42. Qf5 Qxb3 43. Qxe5 Rc2 44. Rf2 Bc5 45. Qe8+ Kh7 46. Qh5 Be7 47. Qe5 Bc5 48. Qf5+ Kh8 49. g4 Qa2 50. Ng3 Bd6 51. Ne4 Be7 52. g5 hxg5 53. Qg6 Rc8 54. Qxb6 Qd5 55. Rf3 g4 0-1

[Event "SRB-chT3 South"]
[Site "Serbia"]
[Date "2007.09.30"]
[Round "4"]
[White "Markovic, Marko"]
[Black "Krstic, Ranko"]
[Result "1/2-1/2"]
[WhiteElo "2241"]
[BlackElo "2174"]
[PlyCount "99"]
[EventDate "2007.09.02"]
[EventType "team"]
[EventRounds "11"]
[EventCountry "SRB"]
[SourceTitle "EXT 2012"]
[Source "ChessBase"]
[SourceDate "2011.11.24"]
[SourceVersion "1"]
[SourceVersionDate "2011.11.24"]
[SourceQuality "1"]
[WhiteTeam "Vlasotince"]
[BlackTeam "Leskovac Aljehin"]
[WhiteTeamCountry "SRB"]
[BlackTeamCountry "SRB"]

1. e4 c5 2. Nf3 Nf6 3. e5 Nd5 4. g3 Nc6 5. Bg2 Qc7 6. 0-0 e6 7. Re1 Nde7 8. c3 d5 9. exd6 Qxd6 10. d4 cxd4 11. Na3 a6 12. Nc4 Qd8 13. Nxd4 Nxd4 14. Qxd4 Qxd4 15. cxd4 Nf5 16. Nb6 Rb8 17. Nxc8 Rxc8 18. Bxb7 Rc7 19. Bxa6 Nxd4 20. Bf4 Ra7 21. Red1 e5 22. Bc4 Bc5 23. Be3 Ke7 24. Kg2 Rc8 25. Rac1 Rac7 26. Bd5 f6 27. a3 Kd6 28. Be4 g6 29. b4 Ba7 30. Rxc7 Rxc7 31. Rc1 Rxc1 32. Bxc1 f5 33. Ba8 Nc2 34. Kf1 Bb6 35. Bb7 h5 36. Ba6 e4 37. Bc4 g5 38. Bxg5 Nxa3 39. Bf7 Nc2 40. Bd2 e3 41. fxe3 Nxe3+ 42. Bxe3 Bxe3 43. Bxh5 Ke5 44. Ke2 Bb6 45. Bf3 Kf6 46. b5 Kg5 47. h4+ Kf6 48. Bc6 Bd4 49. Kf3 Bb6 50. Kf4 1/2-1/2

[Event "SRB-chT2 East"]
[Site "Serbia"]
[Date "2006.10.14"]
[Round "6.6"]
[White "Kolbert, Engelbert"]
[Black "Krstic, Ranko"]
[Result "1/2-1/2"]
[WhiteElo "2158"]
[BlackElo "2183"]
[PlyCount "30"]
[EventDate "2006.09.09"]
[EventType "team"]
[EventRounds "11"]
[EventCountry "SRB"]
[SourceTitle "EXT 2012"]
[Source "ChessBase"]
[SourceDate "2011.11.24"]
[SourceVersion "1"]
[SourceVersionDate "2011.11.24"]
[SourceQuality "1"]

1. e4 c5 2. c3 Nf6 3. e5 Nd5 4. d4 cxd4 5. Nf3 Nc6 6. cxd4 d6 7. Bc4 e6 8. 0-0 Be7 9. Qe2 Nb6 10. Bb5 Bd7 11. Nc3 d5 12. Bd3 a6 13. a3 Rc8 14. Qc2 h6 15. Be3 Na5 1/2-1/2

[Event "SRB-chT2 East"]
[Site "Serbia"]
[Date "2006.10.07"]
[Round "5.1"]
[White "Krstic, Ranko"]
[Black "Jonic, Vladimir"]
[Result "0-1"]
[WhiteElo "2183"]
[BlackElo "2168"]
[PlyCount "108"]
[EventDate "2006.09.09"]
[EventType "team"]
[EventRounds "11"]
[EventCountry "SRB"]
[SourceTitle "EXT 2012"]
[Source "ChessBase"]
[SourceDate "2011.11.24"]
[SourceVersion "1"]
[SourceVersionDate "2011.11.24"]
[SourceQuality "1"]

1. d4 Nf6 2. c4 g6 3. f3 Bg7 4. e4 d6 5. Nc3 0-0 6. Be3 Nc6 7. Nge2 a6 8. Qd2 Rb8 9. Nc1 e5 10. d5 Nd4 11. N1e2 c5 12. dxc6 bxc6 13. Nxd4 exd4 14. Bxd4 d5 15. e5 Re8 16. 0-0-0 Nd7 17. f4 c5 18. Bf2 d4 19. Ne4 Bh6 20. Nd6 Rxe5 21. g3 Re6 22. Nxc8 Qxc8 23. Bd3 Reb6 24. b3 Ne5 25. Kc2 a5 26. Qe2 Nc6 27. Rb1 Nb4+ 28. Kd1 a4 29. Re1 axb3 30. axb3 Ra6 31. Qf3 Na2 32. Rb2 Nc3+ 33. Kc1 Ra1+ 34. Kc2 Qa6 35. Rxa1 Qxa1 36. h4 Na2 37. Rb1 Qc3+ 38. Kd1 Nb4 39. Be4 d3 40. Rc1 Qxb3+ 41. Ke1 Re8 42. Kf1 d2 43. Rd1 Qxc4+ 44. Kg2 Qxe4 45. Qxe4 Rxe4 46. Bxc5 Bf8 47. Bxf8 Kxf8 48. Rxd2 Rc4 49. Rd7 h5 50. Rb7 Nd5 51. Rb5 Ne3+ 52. Kf3 Nf5 53. Rb8+ Kg7 54. Rb3 Nd4+ 0-1

[Event "Serbia-ch"]
[Site "Leskovac"]
[Date "2002.02.15"]
[Round "1"]
[White "Vratonjic, Slobodan"]
[Black "Krstic, Ranko"]
[Result "1-0"]
[WhiteElo "2432"]
[BlackElo "2208"]
[PlyCount "49"]
[EventDate "2002.02.15"]
[EventType "swiss"]
[EventRounds "9"]
[EventCountry "YUG"]
[SourceTitle "CBM 086 Extra"]
[Source "ChessBase"]
[SourceDate "2002.03.14"]
[SourceVersion "1"]
[SourceVersionDate "2002.03.14"]
[SourceQuality "1"]

1. e4 g6 2. d4 Bg7 3. c3 d6 4. Nf3 Nf6 5. Bd3 0-0 6. 0-0 Nc6 7. Re1 e5 8. h3 Re8 9. Na3 d5 10. exd5 Nxd5 11. Bg5 f6 12. Bh4 g5 13. dxe5 Nxe5 14. Nxe5 Rxe5 15. Rxe5 fxe5 16. Be4 c6 17. c4 gxh4 18. cxd5 cxd5 19. Bxd5+ Kh8 20. Nc4 Qe7 21. Qh5 Be6 22. Nxe5 Qf6 23. Bxe6 Qxe5 24. Bf5 h6 25. Qg6 1-0

[Event "YUG-chT2"]
[Site "Tivat"]
[Date "1995.??.??"]
[Round "11"]
[White "Krstic, Ranko"]
[Black "Trifunovic, Miroljub"]
[Result "1-0"]
[WhiteElo "2270"]
[BlackElo "2295"]
[PlyCount "65"]
[EventDate "1995.??.??"]
[EventType "team"]
[EventRounds "11"]
[EventCountry "YUG"]
[SourceTitle "EXT 2002"]
[Source "ChessBase"]
[SourceDate "2001.11.25"]
[SourceVersion "1"]
[SourceVersionDate "2001.11.25"]
[SourceQuality "1"]

1. d4 Nf6 2. Nf3 e6 3. Bf4 c5 4. c3 cxd4 5. cxd4 Nc6 6. e3 Qb6 7. Qc2 d5 8. a3 Bd7 9. Nc3 Rc8 10. Bd3 Ne4 11. 0-0 f5 12. Bxe4 fxe4 13. Ne5 Nxe5 14. Bxe5 Bb5 15. Rfc1 Bd3 16. Qa4+ Rc6 17. b4 Kf7 18. Qd1 a5 19. Na4 Qb5 20. Rxc6 bxc6 21. Qh5+ g6 22. Qg5 Be7 23. Qf4+ Ke8 24. Bxh8 Qxa4 25. Bf6 Bxb4 26. Qb8+ Kf7 27. Qh8 Bf8 28. Be5 Qc2 29. Qf6+ Ke8 30. Qxe6+ Kd8 31. Bf6+ Kc7 32. Qf7+ Kb6 33. Qxf8 1-0

[Event "YUG-chT2"]
[Site "Yugoslavia"]
[Date "1994.??.??"]
[Round "8"]
[White "Krstic, Ranko"]
[Black "Nikolic, Goran"]
[Result "1/2-1/2"]
[WhiteElo "2260"]
[BlackElo "2355"]
[PlyCount "32"]
[EventDate "1994.??.??"]
[EventType "team"]
[EventRounds "11"]
[EventCountry "YUG"]
[SourceTitle "EXT 1997"]
[Source "ChessBase"]
[SourceDate "1996.11.15"]
[SourceVersion "1"]
[SourceVersionDate "1996.11.15"]
[SourceQuality "1"]

1. d4 Nf6 2. c4 e6 3. Nf3 Bb4+ 4. Bd2 Qe7 5. a3 Bxd2+ 6. Qxd2 b6 7. Nc3 Bb7 8. e3 Ne4 9. Nxe4 Bxe4 10. Bd3 Bb7 11. Qc2 d6 12. Be4 Bxe4 13. Qxe4 c6 14. 0-0 0-0 15. b4 f5 16. Qc2 Nd7 1/2-1/2